000
00249 a2200097 4500
001
7748
100
_a
Poole, E.G.C
245
_a
Introduction to the theory of linear differential equations
260
_a
_b
Dover publications
_c
090
_c
6205
_d
6205
942
_a
NUST-CAE
_c
M
_c
32718
999
_c
242821
_d
242821